Guía de perplejos /

Đã lưu trong:
Chi tiết về thư mục
Tác giả chính: Maimónides (autor)
Tác giả khác: Maeso, David Gonzalo (edición) (edición)
Định dạng: Sách
Ngôn ngữ:Tiếng Tây Ban Nha
Được phát hành: Madrid, España : Editora Nacional, 1983, c1983
Loạt:(Clásicos para una Biblioteca Contemporánea ; 27)
Những chủ đề:
Các nhãn: Thêm thẻ
Không có thẻ, Là người đầu tiên thẻ bản ghi này!

MARC

LEADER 00000nam^a2200000^a^4500
001 000166118
005 20250521000000.0
009 20260310101042.444
020 |a 84-276-0658-3 
037 |a Acervo ITESO - Biblioteca 
041 |a ESP 
082 |a 296. 172  |b MAI OBR PER 
100 |a Maimónides  |e (autor) 
240 1 1 |a [Guía de perplejos] 
245 1 0 |a Guía de perplejos /  |c Maimónides ; ed. de D.G. Maeso. 
264 4 |a Madrid, España :  |b Editora Nacional,  |c 1983, c1983 
300 |a 575 p. 
336 |a texto  |b txt  |2 rdacontenido 
337 |a sin mediación  |b n  |2 rdamedio 
338 |a volumen  |b nc  |2 rdasoporte 
440 1 |a (Clásicos para una Biblioteca Contemporánea ;  |v 27) 
649 |a XX 
650 |a Judaísmo -  |x Tema Principal 
650 |a Revelación 
650 |a Teología Filosófica 
650 |a Teología 
650 |a Filosofía Judía -  |x Tema Principal 
650 |a Filosofía Medieval 
650 |a Filosofía Española -  |y Siglo XII 
650 |a Filosofía y Religión 
650 |a Religión 
700 |a Maeso, David Gonzalo  |e (edición) 
910 |a Fondo Armando Suárez Gómez 
920 |a Impresos - Libros 
930 |a Fondos Especiales 
905 |a 111 
901 |a 0700007127  |b IT2  |c ESP  |u 20250521 
902 |a https://opac.biblio.iteso.mx/vufind/Record/000166118